000 00768nam a22001817a 4500
999 _c64073
_d64073
003 Ge_BSU
005 20260324105358.0
008 260324s1988 ge ||||| |||| 00| 0 geo d
041 _ageo
080 _a330.1(035) ბ-32
100 _aბაქრაძე, ი.
_93093
245 _aეკონომიკის საფუძვლები :
_bმცირე ცნობარი /
_cი. ბაქრაძე.
250 _aმე-2 შევსებული და გადამუშავებული გამოცემა.
264 _aთბილისი :
_bგანათლება,
_c1988.
300 _a72 გვ. ;
_b21 სმ.
653 _aურბანული ეკონომიკა
942 _2udc
_cᲬᲘᲒᲜᲘ